| 000 | 01584nam a2200289 a 4500 | ||
|---|---|---|---|
| 001 | 71272 | ||
| 003 | BD-RjUL | ||
| 005 | 20211209082109.0 | ||
| 008 | 170430s1971 ii ||||| |||| 001 0 ben d | ||
| 020 | _c: TK. 150.00 | ||
| 035 | _a(BD-RjUL)71487 | ||
| 040 |
_aBD-RjUL _bben _cBD-RjUL _dBD-RjUL |
||
| 041 | _aben | ||
| 082 |
_223 _a891.441409 _bBAR 1971 |
||
| 100 |
_aবন্দ্যোপাধ্যায়, কুমার _9135388 |
||
| 245 |
_aরবীন্দ্র-সৃষ্টি-সমীক্ষা / _cকুমার বন্দ্যোপাধ্যায়; ভূমিকা, সুবোধচন্দ্র সেনগুপ্ত; গ্রন্থ পরিচিতি, অসিতকুমার বন্দ্যোপাধ্যায় |
||
| 250 | _a২য় সং. পরিবর্ধিত ও পরিমার্জিত | ||
| 260 |
_aকলিকাতা : _bওরিয়েন্ট বুক, _c১৯৭১. |
||
| 300 |
_aখন্ড. ; _c২২ সেমি. |
||
| 500 | _aনির্ঘন্ট সংযুক্ত. | ||
| 505 | _aখন্ড.-১-- | ||
| 600 |
_aঠাকুর, রবীন্দ্রনাথ _d১৮৬১-১৯৪১ _xসমালোচনা এবং ব্যাখ্যা _9210874 |
||
| 600 |
_aTagore, Robindronath _d1841-1941 _xCriticism and interpretation _9135527 |
||
| 700 |
_aসেনগুপ্ত, সুবোধচন্দ্র _9210875 |
||
| 700 |
_aবন্দ্যোপাধ্যায়, অসিতকুমার _9210876 |
||
| 942 |
_2ddc _cBK |
||
| 999 |
_c71272 _d71272 |
||